000 00921nam a2200217 i 4500
001 bg
245 4 _a3rd [third] East-West Congress on Engineering Education :
_bunder the theme Re-vitalising academia / industry links : Gdynia Maritime Academy, Gdynia, Poland, 15-20 September 1996 ; congrss proceedings /
_ced. by Zenon J. Pudlowski ; UNESCO Supported International Centre for Engineering Education and Australasian Association for Engineering Education.
260 _aMelbourne :
_bUSICEE,
_c1996.
300 _a448 s. :
_bfot., rys., wykr. ;
_c25 cm.
504 _aBibliogr., summ. po ref.
650 9 _aSzkolnictwo wyższe techniczne
_xnauczanie
655 _aMateriały konferencyjne
700 1 _aPUDLOWSKI, Zenon J.
_eRed.
020 _a0732606594
040 _cBPK
041 0 _aen
_ben
080 _a378.662(061.3)
920 _a0-7326-0659-4
942 _cKS
008 s pl f |000 0 pol
999 _c31171
_d31171
856 _uhttp://koha.tu.koszalin.pl/cgi-bin/koha/opac-detail.pl?biblionumber=31171
_yKatalog online BPK